市名×苗字ランキング - Statistics

General Stats
  • This quiz has been taken 668 times
  • The average score is 31 of 48
Answer Stats
苗字順位 所属都道府県 市名 現在 % Correct
14 山口県 山口市 -
92%
15 長野県 松本市 -
89%
66 宮崎県 宮崎市 -
83%
20 静岡県 清水市 静岡市
82%
91 千葉県 千葉市 -
79%
128 福島県 福島市 -
78%
129 神奈川県 川崎市 -
76%
196 福井県 福井市 -
76%
9 宮崎県 小林市 -
75%
43 群馬県 太田市 -
75%
61 長野県 上田市 -
75%
37 新潟県 村上市 -
74%
99 千葉県 市川市 -
74%
24 和歌山県 橋本市 -
73%
165 和歌山県 田辺市 -
73%
83 栃木県 小山市 -
72%
111 長野県 飯田市 -
71%
144 島根県 浜田市 -
70%
8 高知県 中村市 四万十市
69%
55 兵庫県 小野市 -
69%
96 栃木県 佐野市 -
68%
115 石川県 小松市 -
68%
119 埼玉県 川口市 -
68%
189 静岡県 伊東市 -
68%
71 福井県 大野市 -
67%
183 岐阜県 高山市 -
67%
12 福岡県 山田市 嘉麻市
66%
23 大阪府 池田市 -
64%
50 神奈川県 三浦市 -
64%
103 静岡県 島田市 -
64%
76 新潟県 高田市 上越市
62%
87 三重県 上野市 伊賀市
62%
199 千葉県 成田市 -
62%
26 沖縄県 石川市 うるま市
61%
153 千葉県 野田市 -
61%
102 宮城県 古川市 大崎市
60%
49 長野県 中野市 -
58%
187 愛知県 岡崎市 -
58%
120 岐阜県 関市 -
57%
56 福島県 田村市 -
53%
114 熊本県 菊池市 -
53%
82 新潟県 新井市 妙高市
51%
157 長崎県 松浦市 -
50%
158 埼玉県 熊谷市 -
48%
194 大阪府 松原市 -
47%
171 宮城県 栗原市 -
46%
121 島根県 平田市 出雲市
36%
195 福岡県 古賀市 -
35%
No matching quizzes found
Score Distribution
Percent of People with Each Score
Percentile by Number Answered
Your Score History
You have not taken this quiz